Educación y desarrollo rural
محفوظ في:
| المؤلفون الرئيسيون: | , |
|---|---|
| التنسيق: | كتاب |
| اللغة: | الإسبانية |
| منشور في: |
Santiago
Universidad Austral de Chile
1985
|
| الموضوعات: | |
| الوسوم: |
إضافة وسم
لا توجد وسوم, كن أول من يضع وسما على هذه التسجيلة!
|
MARC
| LEADER | 00000nam a2200000 a 4500 | ||
|---|---|---|---|
| 001 | UCZ8470 | ||
| 003 | CL-VaPUC | ||
| 008 | 960121e19850000CL |||||||||||||||||spa|d | ||
| 082 | 0 | 4 | |a 370.193 |b AMT |2 21 |
| 100 | 0 | |a Amtmann Moyano, Carlos |e author |9 353750 | |
| 700 | 0 | |a Moraga R., Jubel |e author |9 353751 | |
| 245 | 1 | 0 | |a Educación y desarrollo rural |
| 300 | |a 287 p | ||
| 942 | |c BK | ||
| 945 | |d 19960121 00:00:00 |a cmena | ||
| 260 | |a Santiago |b Universidad Austral de Chile |c 1985 | ||
| 650 | 0 | |a Educación rural |9 308104 | |
| 650 | 0 | |a Desarrollo económico y social |9 256320 | |
| 650 | 7 | |a DESARROLLO RURAL |2 CL-VaPUC |9 353752 | |
| 650 | 0 | |a Currículo |9 307290 | |
| 650 | 0 | |a Educación técnica |9 307052 | |
| 650 | 0 | |a Agricultura |9 255598 | |
| 650 | 0 | |a Zonas rurales |9 317366 | |
| 650 | 7 | |a EDUCACION DE LA MUJER |2 CL-VaPUC |9 307884 | |
| 651 | 7 | |a CHILE |2 CL-VaPUC |9 353753 | |
| 583 | |a last modification |c 20170824 04:20:07 |k Rodrigo Vera | ||
| 999 | |c 244360 |d 244358 | ||
| 952 | |0 0 |1 0 |4 0 |6 370_193000000000000_AMT_1985 |7 0 |8 A |9 258396 |a BIBEDU |b BIBEDU |d 2019-11-19 |i 1616692 |o 370.193 AMT 1985 |p 1616692 |r 2019-11-19 |w 2019-11-19 |y BK |k EDU | ||